000 00607nam a22002177a 4500
003 UA-OsUOA
001 74795
007 ta
008 20110418b un ||||| |||| 00| 0 ukr d
100 _aПрокаєва В.
090 _a94(477)
_bП80
942 _cSA
040 _aUA-OsUOA
_bfre
_cUA-OsUOA
_dUA-OsUOA
245 _aВзаємовідносини України - ЮНЕСКО. Національна ідентичність
300 _aС.14
955 _a0
041 _afre
080 _a94(477)
773 0 _w74792
650 7 _a9 Географія. Біографії. Історія
_2UDC
999 _c361087
_d361087